| 000 -LEADER |
| fixed length control field |
00458cam a22001217a 4500 |
| 008 - FIXED-LENGTH DATA ELEMENTS--GENERAL INFORMATION |
| fixed length control field |
180718b1986 xxu||||| |||| 00| 0 eng d |
| 082 ## - DEWEY DECIMAL CLASSIFICATION NUMBER |
| Classification number |
B1096 In7/5 |
| 100 ## - MAIN ENTRY--PERSONAL NAME |
| Personal name |
Sufian, A.J.M. |
| 245 ## - TITLE STATEMENT |
| Title |
Son preference and child replacement in Bangladesh: a new look at the child survival hypothesis |
| Statement of responsibility, etc. |
by A.J.M. Sufian and Nan E. Johnson |
| 260 ## - PUBLICATION, DISTRIBUTION, ETC. |
| Place of publication, distribution, etc. |
New Delhi |
| Name of publisher, distributor, etc. |
Institute of Social Sciences |
| Date of publication, distribution, etc. |
1986 |
| 500 ## - GENERAL NOTE |
| General note |
XI World Congress of Sociology |
| 700 ## - ADDED ENTRY--PERSONAL NAME |
| Personal name |
Johnson, Nan E. |